1360 1680 1792 1319 1362 1049 1361 1113 1438 1794 1482 1480 1834 1314 1599 1667 1547 1622 1771 1285 1411 1992 1976 1373 1676 1549 1403 1892 1041 1164 1548 1600 1178 1433 1162 1081 1053 1347 1177 1443 1888 1011 1021 1527 1109 1704 1524 1753 1525 1652 1906 1261 1806 1989 1328 1837 1424 1506 1751 1508 1726 1518 1515 1953 1458 1726 1337 1321 1595 1126 1741 1138 1811 1611 1679 1422 1330 1655 1211 1884 1211 1031 1596 1691 1663 1113 1780 1569 1897 1152 1297 1981 1514 1472 1242 1394 1965 1000 1779 BCNSPRNW ULIB Ver.6.0+V

เปลี่ยนเป็นภาษาไทย

Change to English
 แสดงรายละเอียดบรรณานุกรม
  กลับหน้าหลัก

Brief Record : Get Marc (ISO 2709) : E-mail record : QR code < ปิดหน้าต่าง
LEADER : 00000nam 2200000uu 4500
001    13399111653
003     ULIB
008    110704s2551||||th 000 0 tha d
020    9789748487625
090    นว^bฟ724บ 2551
100 0  เฟื่องฝน
245 00 บันทึกวุ่น ๆ คุณหนูพยาบาลจอมจุ้น/^cเฟื่องฝน
260    กรุงเทพฯ:^bอนิศ พับลิชชิ่ง จำกัด,^c2551
300    176 หน้า
945    ^p160^l0^i15013
995    กัณชพร
999 ^a ใช้งานได้ทุกระบบ
รายการนี้ยังไม่มีแท็ก
คุณยังไม่ได้ล็อกอิน คุณสามารถมีกิจกรรมร่วมกับเว็บไซต์ได้ แต่ต้องล็อกอินก่อน ::
  ล็อกอิน

รายการสื่อสารสนเทศ

ลำดับที่ ประเภท เลขเรียก/บาร์โค้ด สถานที่ สถานะ
1. วิทยาศาสตร์การแพทย์ และสุขภาพ
วิทยาศาสตร์การแพทย์ และสุขภาพ
นว ฟ724บ 2551  
  Barcode: 15013
ห้องสมุดวิทยาเขตสวรรค์ประชารักษ์
►นวนิยาย
บนชั้น
  ขอยืม

รายการใกล้เคียง
    ผู้แต่ง [เฟื่องฝน]

BibComment


ยังไม่เคยถูกคอมเมนท์

คอมเมนท์ทรัพยากรรายการนี้
  คอมเมนท์: บันทึกวุ่น ๆ คุณห..


 Copyright 2026. Bcnsprnw @Library